Short-run elasticity of substitution
Odhadovanie krátkodobej elasticity substitúcie vstupov. Overenie metódy odhadu na údajoch z USA podľa 35 Jorgensonových sektorov. Teória i empíria potvrdzujú, že hodnota elasticity substitúcie je relatívne nízka a líši sa v rámci sektorov. Využitie navrhovanej stratégie odhadu napríklad v krajinách...
Saved in:
| Main Author: | |
|---|---|
| Other Authors: | , |
| Format: | Book Chapter |
| Language: | English |
| Subjects: | |
| Tags: |
No Tags, Be the first to tag this record!
|
MARC
| LEADER | 00000naa$a2200000$$$4500 | ||
|---|---|---|---|
| 001 | 0228515 | ||
| 005 | 20240502083615.6 | ||
| 041 | 0 | |a eng | |
| 044 | |a CZ | ||
| 245 | 1 | 0 | |a Short-run elasticity of substitution |c Karol Szomolányi, Martin Lukáčik, Adriana Lukáčiková |
| 520 | |a Odhadovanie krátkodobej elasticity substitúcie vstupov. Overenie metódy odhadu na údajoch z USA podľa 35 Jorgensonových sektorov. Teória i empíria potvrdzujú, že hodnota elasticity substitúcie je relatívne nízka a líši sa v rámci sektorov. Využitie navrhovanej stratégie odhadu napríklad v krajinách s nedostatočnými údajmi. | ||
| 610 | 2 | 0 | |a pružnosť substitúcie |
| 610 | 2 | 0 | |a substitúcia |
| 610 | 2 | 0 | |a funkcie produkčné |
| 610 | 2 | 0 | |a modelovanie ekonometrické |
| 100 | 1 | |a Szomolányi, Karol, 1976- | |
| 700 | 1 | |a Lukáčik, Martin, 1974- | |
| 700 | 1 | |a Lukáčiková, Adriana, 1971- | |